MARC

LEADER 00000nas a2200000 i 4500
001 ssj0000546740
003 WaSeSS
005 20200512172242.0
006 m d
007 cr n
008 030330c19959999pl fx p s 0 0pol c
010 |a  2019239050 
016 7 |a 982445695  |2 DE-101 
016 7 |a 2263943-3  |2 DE-600 
022 |a 1689-1864  |l 1425-6851  |y 1425-6851 
035 |a (WaSeSS)ssj0000546740 
040 |a FIE  |b eng  |e pn  |c FIE  |d OCP  |d OCLCQ  |d OCLCO  |d OCLCF  |d OCLCQ  |d FIE  |d AUD  |d UOK  |d NTG  |d AU@  |d WYU  |d OCLCQ  |d IUL  |d WaSeSS 
041 0 |a pol  |b eng 
041 0 |a pol  |a mul 
042 |a pcc 
043 |a e-pl--- 
050 0 0 |a PN241.A1  |b P79 
082 1 4 |a [E] 
210 0 |a Przekładaniec  |b (Krak., Online) 
222 0 |a Przekładaniec  |b (Kraków. Online) 
245 0 0 |a Przekładaniec  |h [electronic resource] :  |b a journal of literary translation. 
246 3 0 |a Journal of literary translation 
260 |a Kraków :  |b Krakowskie Towarzystwo Popularyzowania Wiedzy o Komunikacji Je̦zykowej Tertium. 
260 3 |3 <2014-> :  |a Kraków :  |b Wydawnictwo Uniwersytetu Jagiellońskiego 
310 |a Two issues a year,  |b 2015- 
321 |a Annual,  |b 1995-1998 
321 |a Two nos. a year,  |b 1999- 
321 |a Annual,  |b <2010-2013> 
362 1 |a Began in 1995. 
506 |a License restrictions may limit access. 
546 |a Text in Polish; abstracts in English. 
588 0 |a Nr 9 (jesień 2001-zima 2002). 
650 0 |a Literature  |v Translations into Polish  |x History and criticism  |v Periodicals. 
650 7 |a Literature.  |2 fast  |0 (OCoLC)fst00999953 
650 7 |a Tłumaczenie i przekład  |x czasopisma.  |2 jhpk 
655 0 |a Electronic journals. 
710 2 |a Krakowskie Towarzystwo Popularyzowania Wiedzy o Komunikacji Je̦zykowej Tertium. 
776 0 8 |i Print version:  |t Przekładaniec  |x 1425-6851  |w (DLC) 2003209717  |w (OCoLC)751217862 
856 4 0 |z Full text available from Research Library: 01/01/2010 to present  |u https://search.proquest.com/publication/1356358